000
00268nam a22001217a 4500
082
_a
920
_b
CHA/S
100
_a
CHANDRASEKHARAN, K
245
_a
SIVASWAMI AIYER,P.S
260
_a
INDIA
_b
PUBLICATIONS DIVISION
300
_a
156
650
_a
BIOGRAPHY
_z
INDIA
942
_c
BK
999
_c
6226
_d
6226